[Event "Zuerich op 37th"]
[Site "Zuerich"]
[Date "2013.12.26"]
[Round "1"]
[White "Abaecherli, Simon"]
[Black "Golder, Raphael"]
[Result "1-0"]
[WhiteElo "1979"]
[BlackElo "1750"]
[PlyCount "62"]
[EventDate "2013.12.26"]
[EventType "swiss"]
[EventRounds "7"]
[EventCountry "SUI"]
[SourceTitle "CBM 158 Extra"]
[Source "ChessBase"]
[SourceDate "2014.02.28"]
[SourceVersion "1"]
[SourceVersionDate "2014.02.28"]
[SourceQuality "1"]

1. d4 Nf6 2. c4 d5 3. cxd5 Nxd5 4. e4 Nb6 5. Nc3 g6 6. Be3 Bg7 7. h3 0-0 8. Nf3 e6 9. Be2 Qe7 10. 0-0 Rd8 11. Qb3 Nc6 12. Rfd1 Bd7 13. Rac1 Na5 14. Qc2 Nac4 15. Bg5 f6 16. Bh4 Bh6 17. Rb1 Bf4 18. Bxc4 Nxc4 19. e5 Bg5 20. Bxg5 fxg5 21. Ne4 Bb5 22. Nf6+ Kg7 23. Nxg5 h6 24. Nge4 Nb6 25. Rbc1 Rac8 26. Qc5 Qxc5 27. Nxc5 Bc4 28. b3 Bd5 29. Nxd5 Rxd5 30. Nxe6+ Kf7 31. Nxc7 Rd7 1-0

[Event "Zuerich op-B 36th"]
[Site "Zuerich"]
[Date "2012.12.27"]
[Round "3"]
[White "Wegelin, Reinhard"]
[Black "Golder, Raphael"]
[Result "1-0"]
[WhiteElo "1961"]
[BlackElo "1722"]
[PlyCount "43"]
[EventDate "2012.12.26"]
[EventType "swiss"]
[EventRounds "7"]
[EventCountry "SUI"]
[SourceTitle "EXT 2019"]
[Source "ChessBase"]
[SourceDate "2018.10.10"]
[SourceVersion "1"]
[SourceVersionDate "2018.10.10"]
[SourceQuality "1"]

1. d4 Nf6 2. f3 d5 3. e4 dxe4 4. Nc3 exf3 5. Nxf3 e6 6. Bg5 Be7 7. Bd3 Nc6 8. Qd2 a6 9. Rd1 Nb4 10. Be2 Nbd5 11. Bxf6 Bxf6 12. Ne4 b5 13. 0-0 Be7 14. Ne5 Nf6 15. Ng5 c5 16. Bf3 Qxd4+ 17. Qxd4 cxd4 18. Bxa8 0-0 19. Bf3 Nd5 20. Bxd5 Bxg5 21. Bb3 Kh8 22. Nxf7+ 1-0